000 00631nam a2200253Ia 4500
003 OSt
005 20220912151949.0
006 a|||||r|||| 00| 0
007 ta
008 220909b |||||||| |||| 00| 0 eng d
024 _a63451
037 _cTextual
040 _aCSL
_beng
_cCSL
041 _aeng
082 _aL91:421:6, J4
100 _aBentley F J
245 0 _aTuberculosis in childhood and adolescence
260 _c1954
300 _ap.
_ccm.
650 _aChild medicine
700 _a Grzybowski S
942 _hL91:421:6, J4
_cTEXL
_2CC
999 _c78296
_d78296